| 000 | 00512cam a22001931 4500 | ||
|---|---|---|---|
| 001 | sa 68001210 | ||
| 003 | DLC | ||
| 005 | 20260227112431.0 | ||
| 008 | 710903s1961 ii a c 000 0 eng | ||
| 010 | _asa 68001210 | ||
| 040 |
_aDLC _cDLC _dDLC |
||
| 043 | _aa-ii--- | ||
| 050 | 0 | 0 |
_aNB27.P45 _bA65 |
| 110 | 2 | _aPatna Museum. | |
| 245 | 1 | 0 | _aTerra-cotta figurines in Patna Museum. |
| 260 |
_a[Patna, _c1961] |
||
| 300 |
_a[81] p. (chiefly illus.) _c25 cm. |
||
| 650 | 0 |
_aTerra-cotta sculpture _zPatna _xCatalogs. |
|
| 999 |
_c77799 _d77799 |
||